[Event "WYb14"]
[Site "Kemer TUR"]
[Date "2007.11.26"]
[Round "9"]
[White "Prasanna,Ra"]
[Black "Baghdasaryan,V"]
[Result "1-0"]
[WhiteElo "2228"]
[BlackElo "2137"]

1.e4 c5 2.Nf3 e6 3.d4 cxd4 4.Nxd4 Nc6 5.Nc3 Qc7 6.Be2 Nf6 7.Be3 a6 8.O-O Be7
9.f4 d6 10.Qe1 Nxd4 11.Bxd4 b5 12.a3 Bb7 13.Bd3 Bc6 14.Qg3 O-O 15.Rae1 Rad8
16.Kh1 Qb7 17.Qh3 h6 18.Rf3 b4 19.Rg3 Kh8 20.Nd1 e5 21.fxe5 dxe5 22.Bxe5 Bxe4
23.Nf2 Bxd3 24.Nxd3 bxa3 25.bxa3 Qc8 26.Qh4 Qxc2 27.Bd4 Rfe8 28.Rge3 Bf8
29.Ne5 Kg8 30.Ng4 Nxg4 31.Rxe8 Rxd4 32.Qe7 Nf2+ 33.Kg1 Rg4 34.Qxf8+ Kh7 35.Qg8+ Kg6
36.R8e6+ fxe6 37.Rxe6+ Kh5 38.Qf7+ g6 39.Re5+ Kh4 40.Qf6+ Rg5 41.Qf4+ Kh5
42.Qf3+ Kh4 43.g3+ Kh3 44.g4+  1-0

[Event "WYb14"]
[Site "Kemer TUR"]
[Date "2007.11.26"]
[Round "9"]
[White "Bassan,R"]
[Black "Pavlidis,Ant"]
[Result "1/2-1/2"]
[WhiteElo "2041"]
[BlackElo "2192"]

1.e4 c5 2.Nf3 e6 3.d4 cxd4 4.Nxd4 Nc6 5.Nc3 Qc7 6.Nxc6 bxc6 7.Bd3 Nf6 8.O-O h5
9.h3 Bc5 10.Qf3 Rb8 11.Re1 e5 12.Bg5 Be7 13.Bc4 d6 14.Bb3 Be6 15.Rad1 Nh7
16.Bxe7 Kxe7 17.Bxe6 Ng5 18.Qg3 Nxe6 19.b3 Rh6 20.Ne2 h4 21.Qd3 Rg6 22.Rf1 Rf6
23.c4 Rh8 24.Qd2 Rh5 25.Kh1 Nf4 26.Nxf4 exf4 27.f3 Rg5 28.Qf2 Rh6 29.Rfe1 Re5
30.Qd2 g5 31.Qc3 Rhe6 32.b4 Qb6 33.Rxd6 Qf2 34.Rdd1 g4 35.Qd2 Qxd2 36.Rxd2 g3
37.c5 f5 38.Rd4 Kf6 39.Kg1 a5 40.a3 Re7 41.Kf1 axb4 42.axb4 Ra7 43.Rd6+ Kg5
44.Rxc6 fxe4 45.fxe4 Ra2 46.Rd6 Rf2+ 47.Kg1 Rb2 48.Rd5 Kf6 49.Rxe5 Kxe5 50.c6 Rxb4
51.Rc1 Rb8 52.c7 Rc8 53.Rc4 Kd6 54.Kf1 f3 55.gxf3 Rxc7 56.e5+ Kd7 57.Rxh4 Rc2
58.Rg4 Rf2+ 59.Kg1 Rxf3 60.Kg2 Re3 61.Rxg3 Rxe5 62.h4 Re8 63.Rf3 Re7 64.Kg3  1/2-1/2

[Event "WYb16"]
[Site "Kemer TUR"]
[Date "2007.11.26"]
[Round "9"]
[White "Martinovic,Sa"]
[Black "Darini,P"]
[Result "0-1"]
[WhiteElo "2362"]
[BlackElo "2159"]

1.e4 c5 2.Nf3 e6 3.d4 cxd4 4.Nxd4 Nc6 5.Nc3 Qc7 6.Be3 a6 7.Bd3 Nf6 8.O-O Ne5
9.h3 b5 10.f4 Nc4 11.Bxc4 Qxc4 12.Qd3 Bb7 13.a4 Qxd3 14.cxd3 b4 15.Nce2 Be7
16.Nb3 Rc8 17.Rac1 O-O 18.Bc5 d6 19.Bxb4 Bc6 20.Nbd4 Bxa4 21.Rxc8 Rxc8 22.Ra1 Bb5
23.Nxb5 axb5 24.Nc3 Nh5 25.Rf1 Bf6 26.g4 Bd4+ 27.Kg2 Nf6 28.Ra1 h5 29.g5 Nd7
30.Bxd6 Nc5 31.Nxb5 Nb3 32.Nxd4 Nxa1 33.Kf3 Nc2 34.Nxc2 Rxc2 35.b4 Rd2 36.Ke3 Rh2
37.b5 Rb2 38.h4 Rxb5 39.Be7 Rb7 40.Bd6 Rb6 41.Be7 Rb2 42.f5 g6 43.d4 gxf5
44.exf5 Rh2 45.g6 exf5 46.g7 Kxg7 47.d5 f6 48.Kf4  0-1

[Event "WYb14"]
[Site "Kemer TUR"]
[Date "2007.11.26"]
[Round "9"]
[White "Malamatas,K"]
[Black "Shen,V"]
[Result "0-1"]
[WhiteElo "1895"]
[BlackElo "2117"]

1.e4 c5 2.Nf3 e6 3.d4 cxd4 4.Nxd4 Nc6 5.Nc3 Qc7 6.Be3 a6 7.Nb3 Nf6 8.Bd3 Be7
9.f4 d6 10.Qf3 O-O 11.O-O-O Nb4 12.a3 Nxd3+ 13.cxd3 e5 14.h3 Be6 15.Nd2 exf4
16.Bxf4 b5 17.Nb1 a5 18.Kd2 b4 19.Nb5 Qd7 20.Nd4 bxa3 21.bxa3 Qa4 22.Be3 Rab8
23.Rc1 Nd7 24.Qd1 Bb3 25.Nxb3 Rxb3 26.Rc2 Ne5 27.Rc3 Rb2+ 28.Rc2 Rfb8 29.Qc1 Rxb1  0-1

[Event "20th Belgrade Trophy"]
[Site "Belgrade SRB"]
[Date "2007.11.27"]
[Round "6"]
[White "Nadj Hedjesi,B"]
[Black "Stojanovski,St"]
[Result "1-0"]
[WhiteElo "2380"]
[BlackElo "1980"]

1.e4 c5 2.Nc3 e6 3.Nge2 Nc6 4.d4 cxd4 5.Nxd4 a6 6.Be3 Qc7 7.a3 Nf6 8.Be2 d6
9.f4 Be7 10.g4 b5 11.Bf3 Bb7 12.g5 Nd7 13.f5 Nxd4 14.Qxd4 Ne5 15.Be2 Qc5
16.Qd2 Nc4 17.Bxc4 Qxc4 18.Rf1 exf5 19.exf5 Qh4+ 20.Rf2 O-O 21.O-O-O f6 22.Rf4 Qh5
23.Nd5 Bxd5 24.Qxd5+ Qf7 25.g6 Qxd5 26.Rxd5 Rfe8 27.Rh4 h6 28.Rhd4 Bf8 29.Bf4 Re1+
30.Rd1 Rxd1+ 31.Kxd1 Be7 32.Kd2 Rc8 33.b3 Rc5 34.Rxc5 dxc5 35.Kd3 c4+ 36.bxc4 bxc4+
37.Kxc4 Bxa3 38.Kd5 a5 39.Kc4 Kf8 40.Kb5 Bb4 41.c4 Ke7 42.c5 h5 43.h3 Bc3
44.c6 Kd8 45.Bh6  1-0

[Event "20th Belgrade Trophy"]
[Site "Belgrade SRB"]
[Date "2007.11.27"]
[Round "6"]
[White "Prelevic,D"]
[Black "Rajkovic,Du"]
[Result "0-1"]
[WhiteElo "2352"]
[BlackElo "2522"]

1.e4 c5 2.Nf3 e6 3.d4 cxd4 4.Nxd4 Nc6 5.Nc3 Qc7 6.Be2 a6 7.O-O Nf6 8.Be3 Bb4
9.Na4 Bd6 10.g3 Be7 11.c4 Nxe4 12.c5 Nf6 13.Nb6 Rb8 14.Rc1 O-O 15.Bf3 g6
16.Bg5 e5 17.Nb3 Qd8 18.Re1 Re8 19.Nc4 Bf8 20.Nd6 Re6 21.Bd5 Rxd6 22.cxd6 h6
23.Be3 Nxd5 24.Qxd5 b6 25.Qd2 Kh7 26.f4 Bb7 27.Qf2 Ba8  0-1

[Event "20th Belgrade Trophy"]
[Site "Belgrade SRB"]
[Date "2007.11.28"]
[Round "7"]
[White "Velimirovic,D"]
[Black "Nestorovic,L"]
[Result "1-0"]
[WhiteElo "2442"]
[BlackElo "2177"]

1.e4 c5 2.Nf3 e6 3.d4 cxd4 4.Nxd4 Nc6 5.Nc3 Qc7 6.Be2 a6 7.O-O d6 8.Be3 Nf6
9.a4 Be7 10.f4 O-O 11.f5 Nxd4 12.Qxd4 Nd7 13.fxe6 fxe6 14.Bc4 Nf6 15.Rad1 Kh8
16.h3 Bd7 17.Kh1 Rac8 18.Bb3 Qa5 19.Bg1 Qh5 20.Bh2 e5 21.Qb6 Bc6 22.Bd5 Qe8
23.a5 Bxd5 24.exd5 Qd7 25.Qb4 Rc5 26.Bg1 Rcc8 27.Bb6 Bd8 28.Be3 Qc7 29.Ne4 Be7
30.Ng5 Qd7 31.Ne6 Rf7 32.c4 Bf8 33.Kg1 h6 34.b3 Qe7 35.Rf3 Kg8 36.Rdf1 g5
37.Qe1 Bg7 38.Qb1 e4 39.Rf5 Kh7 40.Bd4 Bh8 41.Bxf6 Bxf6 42.Qxe4 Kg8 43.R5f3  1-0

[Event "WYb14"]
[Site "Kemer TUR"]
[Date "2007.11.28"]
[Round "11"]
[White "Prasanna,Ra"]
[Black "Ospanov,N"]
[Result "1-0"]
[WhiteElo "2228"]
[BlackElo "2130"]

1.e4 c5 2.Nf3 e6 3.d4 cxd4 4.Nxd4 Nc6 5.Nc3 a6 6.Be2 Nge7 7.Be3 Nxd4 8.Bxd4 Nc6
9.Be3 Be7 10.O-O O-O 11.Na4 b5 12.Nb6 Rb8 13.Nxc8 Qxc8 14.f4 d5 15.exd5 Rd8
16.c3 Rxd5 17.Qe1 Na5 18.Bf3 Rd7 19.Qf2 Nc4 20.Bd4 b4 21.Kh1 bxc3 22.Bxc3 Bc5
23.Qe2 Ba7 24.Rad1 Rxd1 25.Rxd1 h6 26.Be4 a5 27.Rd3 f5 28.Bf3 Bc5 29.b3 Ne3
30.Rxe3 Bxe3 31.Qxe3 a4 32.Qe5 Rb7 33.Bxb7 Qxb7 34.Qxe6+ Kh8 35.Qxh6+  1-0

[Event "WYb16"]
[Site "Kemer TUR"]
[Date "2007.11.28"]
[Round "11"]
[White "Hovhannisyan,R"]
[Black "Wageih,K"]
[Result "1/2-1/2"]
[WhiteElo "2273"]
[BlackElo "2110"]

1.e4 c5 2.Nf3 e6 3.d4 cxd4 4.Nxd4 Nc6 5.Nc3 Qc7 6.f4 a6 7.Nxc6 bxc6 8.e5 d5
9.exd6 Bxd6 10.Ne4 Be7 11.Bd3 Nf6 12.Qe2 O-O 13.O-O c5 14.c4 Bb7 15.b3 Qc6
16.Nxf6+ Bxf6 17.Rb1 Rfd8 18.Bc2 Rd6 19.Be3 Bd4 20.Bxd4 Rxd4 21.Rbd1 Rad8
22.h3 Rxd1 23.Rxd1 Rxd1+ 24.Bxd1 Qd6 25.Qf1 Qd4+ 26.Kh2 Qd2 27.Bf3 Bxf3 28.Qxf3 g5
29.Qa8+ Kg7 30.Qe4 Qxa2 31.Qe5+ Kg8 32.Qb8+ Kg7 33.Qe5+  1/2-1/2

[Event "WYb14"]
[Site "Kemer TUR"]
[Date "2007.11.28"]
[Round "11"]
[White "Sjugirov,S"]
[Black "Wang Chen"]
[Result "1-0"]
[WhiteElo "2422"]
[BlackElo "2311"]

1.e4 c5 2.Nf3 e6 3.d4 cxd4 4.Nxd4 Nc6 5.Nc3 Qc7 6.Be3 a6 7.Qd2 Nf6 8.O-O-O Bb4
9.f3 Ne5 10.Nb3 b5 11.Kb1 Rb8 12.Bd4 Nc6 13.Qg5 Be7 14.e5 Ne4 15.Qxg7 Nxc3+
16.Bxc3 Rf8 17.Nd4 Na5 18.Bxa5 Qxa5 19.Qxh7 Bb7 20.Nb3 Qc7 21.Qg7 f6 22.Qg6+ Rf7
23.Bd3 Kf8 24.Qh6+ Kg8 25.exf6 Bxf6 26.Bh7+ Rxh7 27.Qxf6 Rf8 28.Qd4 Bd5 29.Nc1 Rxh2
30.Nd3 Qg3 31.Rxh2 Qxh2 32.Qg4+ Kf7 33.f4 Qxg2 34.Ne5+ Ke8 35.Qh5+ Kd8 36.Qh7  1-0

[Event "Open"]
[Site "Rijeka CRO"]
[Date "2007.11.28"]
[Round "5"]
[White "Jovanovic,Zo CRO"]
[Black "Jovanic,O"]
[Result "1/2-1/2"]
[WhiteElo "2549"]
[BlackElo "2492"]

1.e4 c5 2.Nf3 e6 3.Nc3 Nc6 4.d4 cxd4 5.Nxd4 Qc7 6.g3 a6 7.Bg2 d6 8.O-O Bd7
9.Nb3 b5 10.a3 Rc8 11.f4 Be7 12.Be3 Nf6 13.Kh1 h6 14.Qe2 O-O 15.Rad1 b4 16.axb4 Nxb4
17.Nd4  1/2-1/2

[Event "20th Belgrade Trophy"]
[Site "Belgrade SRB"]
[Date "2007.11.29"]
[Round "8"]
[White "Vucinic,G"]
[Black "Urosevic,M"]
[Result "0-1"]
[WhiteElo "1824"]
[BlackElo "2076"]

1.e4 c5 2.Nf3 e6 3.d4 cxd4 4.Nxd4 Nc6 5.Nc3 Qc7 6.Be3 a6 7.Bd3 Nf6 8.O-O Ne5
9.f4 Neg4 10.Bd2 Bc5 11.Ne2 e5 12.h3 exd4 13.hxg4 Nxg4 14.Ng3 Ne3 15.Bxe3 dxe3
16.Kh1 g6 17.e5 Qd8 18.Ne4 Qh4+  0-1

[Event "20th Belgrade Trophy"]
[Site "Belgrade SRB"]
[Date "2007.11.29"]
[Round "8"]
[White "Stanojoski,Z"]
[Black "Rajkovic,Du"]
[Result "1-0"]
[WhiteElo "2467"]
[BlackElo "2522"]

1.e4 c5 2.Nf3 e6 3.d4 cxd4 4.Nxd4 Nc6 5.Nc3 Qc7 6.g3 a6 7.Bg2 d6 8.O-O Bd7
9.Re1 Be7 10.Nxc6 Bxc6 11.Qg4 h5 12.Qe2 h4 13.a4 Nf6 14.Bf4 e5 15.Bg5 hxg3
16.hxg3 g6 17.Rad1 Rh5 18.Bxf6 Bxf6 19.b4 Bd8 20.Qd3 Rc8 21.Bf3 Rh8 22.Bg4 Bd7
23.Nd5 Qc6 24.b5 axb5 25.axb5 Qc5 26.Bxd7+ Kxd7 27.Qf3 Ke8 28.Nf6+ Ke7 29.Rd3 Qxc2
30.Red1 Kf8 31.Rxd6 Kg7 32.Ng4  1-0

[Event "Open"]
[Site "Rijeka CRO"]
[Date "2007.11.29"]
[Round "6"]
[White "Palac,M"]
[Black "Jovanic,O"]
[Result "1/2-1/2"]
[WhiteElo "2567"]
[BlackElo "2492"]

1.e4 c5 2.Nf3 e6 3.d4 cxd4 4.Nxd4 Nc6 5.Nc3 Qc7 6.Be3 Nf6 7.f4 Bb4 8.Nb5 Qa5
9.e5 Ne4 10.Qd3 Nxc3 11.Nxc3 Bxc3+ 12.bxc3 O-O 13.Be2 b6 14.O-O Bb7 15.a4 Rac8
16.Rfb1 Nb8 17.c4 Ba6 18.Qd4 f6 19.exf6  1/2-1/2

[Event "TCh-AUT 1st Bundesliga 2007-8"]
[Site "Baden AUT"]
[Date "2007.11.30"]
[Round "1"]
[White "Polzin,R"]
[Black "Rotstein,A"]
[Result "1-0"]
[WhiteElo "2504"]
[BlackElo "2534"]

1.e4 c5 2.Nf3 e6 3.d4 cxd4 4.Nxd4 Nc6 5.Nc3 Qc7 6.Be2 a6 7.O-O Nf6 8.Be3 Bb4
9.Na4 Be7 10.c4 Nxe4 11.c5 O-O 12.g3 Nf6 13.Nb6 Rb8 14.Rc1 Rd8 15.Qa4 g6
16.Bg5 Kg7 17.Rfd1 h6 18.Nxc6 dxc6 19.Qf4 Rxd1+ 20.Rxd1 e5 21.Bxh6+ Kg8 22.Qh4 Nh7
23.Qb4 Be6 24.Bc4 Rd8 25.Rxd8+ Qxd8 26.Bxe6 Qd1+ 27.Kg2 fxe6 28.Qe4 Qh5 29.Be3 Nf6
30.Qf3 Qf5 31.Nc4 Nd5 32.Nd6 Bxd6 33.cxd6 Kf7 34.g4 Qxf3+ 35.Kxf3 Nf6 36.h4 Ke8
37.Bg5 Nh7 38.Ke4 Nxg5+ 39.hxg5 c5  1-0

[Event "20th Belgrade Trophy"]
[Site "Belgrade SRB"]
[Date "2007.11.30"]
[Round "9"]
[White "Bozovic,V"]
[Black "Kontic,D"]
[Result "0-1"]
[WhiteElo "2198"]
[BlackElo "2382"]

1.e4 c5 2.Nf3 e6 3.d4 cxd4 4.Nxd4 Nc6 5.Nc3 a6 6.Nxc6 bxc6 7.Bd3 Bc5 8.O-O d6
9.Kh1 Nf6 10.f4 h5 11.e5 Ng4 12.Qe1 d5 13.Na4 Ba7 14.b3 Qe7 15.Bd2 Rb8 16.h3 g6
17.Qe2 Nh6 18.Be3 c5 19.c4 Nf5 20.Bf2 Bb7 21.cxd5 exd5 22.Bxf5 gxf5 23.Qd3 Rg8
24.Qxf5 d4 25.Rg1 c4 26.Qh7 Kd7 27.Bxd4 Rg3 28.Kh2 Rbg8 29.Qxg8 Rxg8 30.Bxa7 Qh4
31.Rad1+ Ke8 32.g3 Rxg3 33.Rxg3 Qxf4 34.Be3 Qxe5 35.Bf2 h4 36.Re1 Be4 37.Rxe4 hxg3+
38.Bxg3 Qxe4  0-1

[Event "20th Belgrade Trophy"]
[Site "Belgrade SRB"]
[Date "2007.11.30"]
[Round "9"]
[White "Lagerman,R"]
[Black "Bojovic,D"]
[Result "1-0"]
[WhiteElo "2346"]
[BlackElo "2228"]

1.e4 c5 2.Nf3 e6 3.d4 cxd4 4.Nxd4 Nc6 5.Nc3 Qc7 6.Be2 a6 7.O-O Nf6 8.Be3 Bb4
9.Nxc6 bxc6 10.Qd4 Be7 11.e5 Nd5 12.Nxd5 cxd5 13.c4 Bb7 14.Rac1 dxc4 15.Rxc4 Qa5
16.Rd1 Bc6 17.Rxc6 dxc6 18.Qd7+ Kf8 19.Qxc6 Rb8 20.Ba7 Re8 21.Bb6 Qxe5 22.Bxa6 f5
23.Bd4 Qe4 24.Qc3 Kf7 25.Re1 Qf4 26.g3 Qh6 27.Rxe6 Qxe6  1-0

[Event "World Cup"]
[Site "Khanty-Mansiysk RUS"]
[Date "2007.12.01"]
[Round "3.2"]
[White "Svidler,P"]
[Black "Rublevsky,S"]
[Result "1/2-1/2"]
[WhiteElo "2732"]
[BlackElo "2676"]

1.e4 c5 2.Nf3 e6 3.d4 cxd4 4.Nxd4 Nc6 5.Nc3 a6 6.g3 d6 7.Bg2 Bd7 8.O-O Nf6
9.Nce2 Be7 10.c4 O-O 11.a4 Qa5 12.b3 Rfd8 13.Bd2 Qc5 14.Be3 Qa5 15.h3 Rac8
16.Qe1 Qxe1 17.Rfxe1 Nb4 18.Red1 g6 19.Bd2 Nc6 20.a5 Be8 21.Rac1 Nxd4 22.Nxd4 Nd7
23.Be3 Rc7 24.Ne2 Nc5 25.Rb1 Rb8 26.Bf4 Rd8 27.b4 g5 28.bxc5 gxf4 29.Nxf4 Rxc5
30.Rxb7 Kf8 31.Ra1 Bf6 32.Ra3 Bd4 33.Bf1 Bc6 34.Rb6 Bxe4 35.Rxa6 Rc7 36.Bg2 Bxg2
37.Kxg2 Rxc4 38.Ra2 Ke7 39.Ne2 Bc5 40.Rb2 e5 41.g4 h5 42.gxh5 f5 43.h6 Rh8
44.Rb7+ Ke6 45.h7 Rh4 46.Nc3 R8xh7 47.Rxh7 Rxh7 48.Ra8 Rb7 49.Nd1 Rb3 50.a6 Ra3
51.Ne3 Ra2 52.Kf3 f4 53.Ng4 Ra3+ 54.Kg2 Bd4 55.h4 e4 56.Re8+ Kd5 57.Rf8 f3+
58.Kg3 Rxa6 59.h5 Ra1 60.h6 Rh1 61.Kf4 Rh5 62.Re8 Be5+ 63.Nxe5 dxe5+ 64.Ke3 Rxh6
65.Rd8+ Rd6  1/2-1/2

[Event "Open"]
[Site "Rijeka CRO"]
[Date "2007.12.01"]
[Round "8"]
[White "Pejic,Ir"]
[Black "Kanceljak,D"]
[Result "1-0"]
[WhiteElo "2121"]
[BlackElo "1953"]

1.e4 c5 2.Nf3 e6 3.Nc3 Nc6 4.d4 cxd4 5.Nxd4 a6 6.g3 Qc7 7.Bg2 Nf6 8.O-O Be7
9.Re1 d6 10.Nxc6 bxc6 11.e5 dxe5 12.Rxe5 O-O 13.Bf4 Bd6 14.Rxe6 Bxe6 15.Bxd6 Qb6
16.Na4 Qb5 17.Bxf8 Rxf8 18.b3 Qf5 19.Bxc6 Ng4 20.Qe2 Rc8 21.Be4 Qh5 22.f3 Nf6
23.Bb7 Re8 24.Qf2 Qb5 25.Nc5 a5 26.Re1 Bf5 27.Rxe8+ Qxe8 28.Ba6 Nd5 29.Bd3 Bh3
30.Qe2 Qc6 31.Ne4 g6 32.Bc4 Kg7 33.Qf2 Nb6 34.Qd4+ Kh6 35.Nf6 g5 36.Ng8+  1-0

[Event "TCh-BEL 2007-8"]
[Site "Belgium BEL"]
[Date "2007.12.02"]
[Round "5"]
[White "Wantiez,F"]
[Black "Van Mil,J"]
[Result "1-0"]
[WhiteElo "2300"]
[BlackElo "2351"]

1.e4 c5 2.Nf3 e6 3.d4 cxd4 4.Nxd4 Nc6 5.Nc3 a6 6.Nxc6 bxc6 7.Bd3 d6 8.O-O Nf6
9.Qe1 Nd7 10.f4 Be7 11.b3 O-O 12.Bb2 Bh4 13.Qe2 Bf6 14.e5 dxe5 15.Ne4 Bb7
16.Nxf6+ Qxf6 17.fxe5 Qh4 18.Rf3 g6 19.Qd2 c5 20.Rh3 Qg4 21.Bf1 Rfd8 22.Qh6 Nf8
23.Rh4 Qf5 24.Bd3 Rxd3 25.cxd3 Qxd3 26.Qf4 Rd8 27.Rf1 Rd7 28.Qf2 h5 29.Rf4 Be4
30.Rxf7 Qxf1+ 31.Qxf1 Rxf7 32.Qxa6 Rd7 33.Ba3 Rd5 34.Qc8 Kg7 35.Bxc5 Nd7
36.Bd6 Nxe5 37.Qf8+  1-0

[Event "TCh-BEL 2007-8"]
[Site "Belgium BEL"]
[Date "2007.12.02"]
[Round "5"]
[White "Leenhouts,K"]
[Black "Pytel,K"]
[Result "1/2-1/2"]
[WhiteElo "2394"]
[BlackElo "2413"]

1.e4 c5 2.Nf3 e6 3.d4 cxd4 4.Nxd4 Nc6 5.Nc3 a6 6.Nxc6 bxc6 7.Bd3 d5 8.O-O Nf6
9.b3 Qa5 10.Bb2 Ba3 11.Bxa3 Qxa3 12.e5 Nd7 13.Qg4 g6 14.Rae1 a5 15.Na4 Ba6
16.Qe2 Bxd3 17.cxd3 O-O 18.Rc1 c5 19.Rc2 Qb4 20.Qe3 Rac8 21.Rfc1 Rc6 22.g3 Rfc8
23.h4 h5  1/2-1/2

[Event "World Cup"]
[Site "Khanty-Mansiysk RUS"]
[Date "2007.12.02"]
[Round "3.4"]
[White "Svidler,P"]
[Black "Rublevsky,S"]
[Result "1-0"]
[WhiteElo "2732"]
[BlackElo "2676"]

1.e4 c5 2.Nf3 e6 3.d4 cxd4 4.Nxd4 Nc6 5.Nc3 a6 6.g3 d6 7.Bg2 Bd7 8.O-O Nf6
9.Nce2 Rc8 10.a4 Qc7 11.b3 Nxd4 12.Nxd4 e5 13.Nf5 d5 14.Qd3 g6 15.Nh6 Qxc2
16.Qf3 Bg7 17.exd5 Rf8 18.Re1 Rc3 19.Qf4 Kd8 20.Qh4 Rxb3 21.Bg5 Rb6 22.a5 Rd6
23.Qb4 Qc7 24.Rac1 Qb8 25.Rxe5 Bxh6 26.Bxh6 Re8 27.Bf4 Bb5 28.Ree1 Rxe1+
29.Rxe1 Kd7 30.Bh3+  1-0

[Event "67th ch-ITA"]
[Site "Martina Franca ITA"]
[Date "2007.12.03"]
[Round "10"]
[White "Bonafede,A"]
[Black "Brunello,S"]
[Result "1-0"]
[WhiteElo "2279"]
[BlackElo "2489"]

1.e4 c5 2.Nf3 e6 3.d4 cxd4 4.Nxd4 Nc6 5.Nc3 Qc7 6.Be3 a6 7.Bd3 Nf6 8.O-O Nxd4
9.Bxd4 Bc5 10.Bxc5 Qxc5 11.Kh1 d6 12.f4 h5 13.Qf3 Ng4 14.Rae1 Bd7 15.e5 d5
16.Nd1 O-O-O 17.Nf2 f5 18.exf6 gxf6 19.Nxg4 hxg4 20.Qxg4 Rh6 21.h3 Rdh8 22.Kh2 Kb8
23.Rf3 Qb4 24.Re2 Qxb2 25.Bxa6 Qxa2 26.Bd3 Qa4 27.Qg7 Bc8 28.Qe7 Qc6 29.Re1 d4
30.Ra1 Rg8 31.Be4 Re8 32.Qb4 Qc7 33.Qxd4  1-0

[Event "Parsvnath ch-Commonwealth"]
[Site "New Delhi IND"]
[Date "2007.12.03"]
[Round "2"]
[White "Barua,D"]
[Black "Swapnil,SD"]
[Result "1/2-1/2"]
[WhiteElo "2491"]
[BlackElo "2261"]

1.e4 c5 2.Nf3 e6 3.d4 cxd4 4.Nxd4 Nc6 5.Nc3 Qc7 6.Be2 a6 7.O-O Nf6 8.Be3 Bb4
9.Na4 O-O 10.Nxc6 bxc6 11.Nb6 Rb8 12.Nxc8 Rfxc8 13.Bxa6 Rf8 14.Bd3 Bd6 15.f4 e5
16.f5 Rxb2 17.g4 Qa5 18.g5 Ne8 19.Kh1 Bc5 20.Bd2 Bb4 21.Bc1 Rxa2 22.Rxa2 Qxa2
23.Qh5 c5 24.c4 Nd6 25.g6 fxg6 26.fxg6 Rxf1+ 27.Bxf1 hxg6 28.Qxe5 Qb1 29.Qxd6 Qxc1
30.Kg2 Qb2+ 31.Kf3 Be1 32.Be2 Qc3+ 33.Kg2 Qe3 34.Qd3 Qf2+ 35.Kh3 Ba5 36.e5 Bc7
37.Qe4 Qf5+ 38.Qxf5 gxf5 39.Bh5 Bxe5 40.Bg6 f4 41.Be4 Kf7 42.Kg4 Kf6 43.h3 Bc7
44.Bd5 Ke5 45.Kf3 g5  1/2-1/2

[Event "Parsvnath ch-Commonwealth"]
[Site "New Delhi IND"]
[Date "2007.12.03"]
[Round "2"]
[White "Abhay,T"]
[Black "Murshed,N"]
[Result "1/2-1/2"]
[WhiteElo "2237"]
[BlackElo "2428"]

1.e4 c5 2.Nf3 e6 3.d4 cxd4 4.Nxd4 Nc6 5.Nc3 Qc7 6.Be3 a6 7.Be2 Nf6 8.O-O Bb4
9.Na4 Be7 10.Nxc6 bxc6 11.Nb6 Rb8 12.Nxc8 Qxc8 13.Bd4 Qc7 14.e5 Nd5 15.c4 Nf4
16.Bf3 O-O 17.g3 Ng6 18.Be4 d6 19.exd6 Bxd6 20.Bxg6 hxg6 21.Qe2 c5  1/2-1/2

[Event "Parsvnath ch-Commonwealth"]
[Site "New Delhi IND"]
[Date "2007.12.03"]
[Round "2"]
[White "Neelotpal,D"]
[Black "Harris,B"]
[Result "1-0"]
[WhiteElo "2489"]
[BlackElo "2015"]

1.e4 c5 2.Nf3 e6 3.Nc3 Nc6 4.d4 cxd4 5.Nxd4 Nf6 6.Ndb5 Bb4 7.a3 Bxc3+ 8.Nxc3 d5
9.Bd3 O-O 10.O-O a5 11.exd5 Nxd5 12.Bd2 f5 13.Re1 Kh8 14.Qf3 Nf6 15.Bf4 Re8
16.Rad1 Bd7 17.Bb5 Qe7 18.Qe3 Qf7 19.Bc4 Qg6 20.Qg3 Qxg3 21.Bxg3 e5 22.Nb5 Re7
23.f3 Rb8 24.Nd6 f4 25.Bxf4 exf4 26.Rxe7 Nxe7 27.Nf7+ Kg8 28.Ne5+ Kf8 29.Nxd7+ Nxd7
30.Rxd7 b6 31.Bd3 g6 32.Rd4  1-0

[Event "Parsvnath ch-Commonwealth"]
[Site "New Delhi IND"]
[Date "2007.12.04"]
[Round "3"]
[White "Singh,G"]
[Black "Himanshu,Sh"]
[Result "0-1"]
[WhiteElo "2292"]
[BlackElo "2408"]

1.e4 c5 2.Nf3 Nc6 3.d4 cxd4 4.Nxd4 e6 5.Nc3 Qc7 6.Be3 a6 7.Qd2 Nf6 8.O-O-O b5
9.Bf4 Qb6 10.e5 Qxd4 11.Qxd4 Nxd4 12.Rxd4 b4 13.Na4 Nd5 14.Bg3 Bb7 15.Bc4 Rb8
16.Re1 Be7 17.Bh4 g5 18.Bg3 h5 19.h4 g4 20.f4 gxf3 21.gxf3 Rg8 22.Bh2 Bc6
23.b3 a5 24.Rg1 Rxg1+ 25.Bxg1 f5 26.Bf2 Bf8 27.Rd1 Bh6+ 28.Kb1 Ne3 29.Bxe3 Bxe3
30.Be2 Bf4 31.Nb2 Bxe5 32.Nd3 Bf6 33.f4 Ke7 34.Rg1 d6 35.Kc1 Rh8  0-1

[Event "Parsvnath ch-Commonwealth"]
[Site "New Delhi IND"]
[Date "2007.12.05"]
[Round "4"]
[White "Wajih,N"]
[Black "Dilip,D"]
[Result "1/2-1/2"]
[WhiteElo "2285"]
[BlackElo "2102"]

1.e4 c5 2.Nf3 Nc6 3.Nc3 e6 4.d4 cxd4 5.Nxd4 Nf6 6.Nxc6 dxc6 7.Qxd8+ Kxd8
8.Bg5 Ke8 9.O-O-O h6 10.Bh4 Bb4 11.f3 Bd7 12.a3 Bxc3 13.bxc3 Nh5 14.Bc4 b5
15.Bb3 Rb8 16.Rd2 Rb7 17.Rhd1 Nf4 18.c4 a6 19.cxb5 axb5 20.a4 g5 21.Bf2 bxa4
22.Bxa4 Rh7 23.Rxd7 Rxd7 24.Bxc6 f5 25.g3 Ng6 26.exf5 exf5 27.Rd6 Ne5 28.Re6+ Re7
29.Bxd7+ Kxd7 30.Rxe7+ Kxe7 31.f4 gxf4 32.gxf4 Nc4 33.Kd1 Ke6 34.Ke2 Kd5
35.Kf3 Nd2+ 36.Kg3 Ke4 37.Ba7 Nf1+ 38.Kg2 Nd2 39.Bb8 Nc4 40.Kh3 Ne3 41.c3 Nf1
42.Kg2 Ne3+ 43.Kg3 Nf1+ 44.Kg2 Ne3+  1/2-1/2

[Event "Parsvnath ch-Commonwealth"]
[Site "New Delhi IND"]
[Date "2007.12.05"]
[Round "4"]
[White "Udeshi,A"]
[Black "Rohit,G"]
[Result "1/2-1/2"]
[WhiteElo "2355"]
[BlackElo "2491"]

1.e4 c5 2.Nf3 e6 3.d4 cxd4 4.Nxd4 Nc6 5.Nc3 Qc7 6.Be3 a6 7.Bd3 Nf6 8.O-O b5
9.Nxc6 dxc6 10.a4 b4 11.Nb1 c5 12.Nd2 Bb7 13.Qe2 Be7 14.f3 O-O 15.Nc4 Nd7
16.Rad1 Rfd8 17.Qf2 Nb6 18.Nxb6 Qxb6 19.Bc4 Qc6 20.b3 Qc7 21.Rd3 Rxd3 22.cxd3 Kh8
23.Qg3  1/2-1/2

[Event "Parsvnath ch-Commonwealth"]
[Site "New Delhi IND"]
[Date "2007.12.05"]
[Round "5"]
[White "Ramaswamy,A"]
[Black "Kunte,A"]
[Result "0-1"]
[WhiteElo "2317"]
[BlackElo "2547"]

1.e4 c5 2.Nf3 e6 3.d4 cxd4 4.Nxd4 Nc6 5.Nc3 Qc7 6.Be2 a6 7.O-O Nf6 8.Be3 Be7
9.f4 d6 10.a4 O-O 11.Kh1 Bd7 12.Nb3 b6 13.Bf3 Rfe8 14.e5 dxe5 15.fxe5 Qxe5
16.Bxb6 Rac8 17.Bf2 Nb4 18.Bg3 Qe3 19.Re1 Qa7 20.Qe2 Bc6 21.Bxc6 Rxc6 22.Na5 Rcc8
23.Rac1 Qc5 24.Nb3 Qc4 25.Nd2 Qxe2 26.Rxe2 Rxc3 27.bxc3 Na2 28.Ra1 Nxc3 29.Ree1 Rc8
30.Nf3 Nfd5 31.Be5 Bf6 32.Ra3 Bxe5 33.Rxe5 h6 34.Kg1 Rc4 35.a5 Nb5 36.Ra2 Ndc3
37.Ra1 Rc6 38.Kf1 f6 39.Re3 e5 40.Ke1 e4 41.Nd2 f5 42.Nb1 Nd5 43.Rb3 Nd4
44.Rb8+ Kh7 45.Na3 Nxc2+ 46.Nxc2 Rxc2 47.Rd1 Nc3 48.Rd6 e3  0-1

[Event "Open"]
[Site "Ascona SUI"]
[Date "2007.12.06"]
[Round "5"]
[White "Libiszewski,F"]
[Black "Malakhatko,V"]
[Result "0-1"]
[WhiteElo "2486"]
[BlackElo "2603"]

1.e4 c5 2.Nf3 Nc6 3.Nc3 e6 4.d4 cxd4 5.Nxd4 a6 6.Nxc6 bxc6 7.e5 Qc7 8.Qe2 Rb8
9.g3 f5 10.Bg2 Bc5 11.O-O Bd4 12.Re1 Ne7 13.Kh1 O-O 14.Nd1 Nd5 15.c3 Ba7
16.c4 Ne7 17.Bg5 Ng6 18.Be3 Bxe3 19.Qxe3 f4 20.gxf4 c5 21.b3 Nxf4 22.Be4 g6
23.Bf3 Bb7 24.Bxb7 Qxb7+ 25.Qe4 Nd3 26.Qxb7 Rxb7 27.Re3 Nxf2+ 28.Nxf2 Rxf2
29.Kg1 Rd2 30.Ree1 a5 31.Red1 Re2 32.Re1 Rxe1+ 33.Rxe1 Kf7 34.Rf1+ Ke7 35.Rf3 a4
36.Rh3 h5 37.Rg3 axb3 38.axb3 h4 39.Rxg6 Rxb3 40.Rg7+ Kd8 41.Rg4 h3 42.Rg3 Rb1+
43.Kf2 Rb2+ 44.Kg1 Rc2 45.Rxh3 Rxc4 46.Re3 Kc7 47.Kf2 Kc6 48.Kg3 Kd5 49.h4 Re4
50.Rd3+ Rd4 51.Re3 c4 52.h5 Rd3 53.Rxd3+ cxd3 54.h6 d2 55.h7 d1=Q 56.h8=Q Qd3+
57.Kf2 Qd4+ 58.Kf3 Qe4+ 59.Kf2 Qf4+ 60.Kg2 Qxe5 61.Qa8+ Kc5 62.Qa7+ Kc6 63.Qa8+ Kc7
64.Qa7+ Kd8 65.Kh1 Ke7 66.Qa3+ Kf7 67.Qf3+ Qf5 68.Qe3 Qd5+ 69.Kh2 e5 70.Qh6 Qa2+
71.Kh1 Qb1+ 72.Kh2 Qc2+ 73.Kh1 Qe4+  0-1

[Event "Bundesliga 2007-8"]
[Site "Eppingen GER"]
[Date "2007.12.07"]
[Round "7"]
[White "Sokolov,And1"]
[Black "Balogh,C"]
[Result "1/2-1/2"]
[WhiteElo "2588"]
[BlackElo "2562"]

1.e4 c5 2.Nf3 e6 3.d4 cxd4 4.Nxd4 Nc6 5.Nc3 a6 6.Nb3 Nf6 7.Bd3 d6 8.O-O b5
9.f4 b4 10.Na4 Be7 11.Be3 Rb8 12.Nd2 e5 13.Nc4 O-O 14.Qf3 Bg4 15.Qg3 Be6
16.fxe5 dxe5 17.Rad1 Qc7 18.Bc1  1/2-1/2

[Event "Open"]
[Site "Granada ESP"]
[Date "2007.12.07"]
[Round "4"]
[White "Garrido Dominguez,J"]
[Black "Iotov,V"]
[Result "1-0"]
[WhiteElo "2343"]
[BlackElo "2509"]

1.e4 c5 2.Nf3 e6 3.d4 cxd4 4.Nxd4 Nc6 5.Nc3 Qc7 6.Nxc6 bxc6 7.Bd3 Nf6 8.O-O Be7
9.Qe2 d5 10.b3 O-O 11.Bb2 a5 12.Rad1 Bb7 13.f4 Ba6 14.e5 Nd7 15.Na4 Nb6 16.Nxb6 Qxb6+
17.Kh1 a4 18.Bd4 c5 19.Bg1 axb3 20.axb3 g6 21.f5 gxf5 22.Qh5 Kh8 23.Rf3 Rg8
24.Ra1 Rg7 25.b4 Bb7 26.bxc5 Qb2 27.Rxa8+ Bxa8 28.Bf1 Qc1 29.Rb3 Qxf1  1-0

[Event "Parsvnath ch-Commonwealth"]
[Site "New Delhi IND"]
[Date "2007.12.07"]
[Round "7"]
[White "Vaibhav,S"]
[Black "Ramakrishna,J"]
[Result "0-1"]
[WhiteElo "1969"]
[BlackElo "2297"]

1.e4 c5 2.Nf3 e6 3.d4 cxd4 4.Nxd4 Nc6 5.Nc3 Qc7 6.f4 a6 7.Nb3 b5 8.Bd3 Bb7
9.Be3 d6 10.O-O Nf6 11.Qf3 Be7 12.Qh3 h5 13.Kh1 Ng4 14.Bg1 g5 15.f5 Nce5
16.a4 b4 17.Ne2 d5 18.exd5 Bxd5 19.Nbd4 Qb7 20.fxe6 fxe6 21.Rad1 Rh6 22.b3 Nxd3
23.cxd3 Bd6 24.Rde1 Ne5 25.Rf2 h4 26.Ref1 O-O-O 27.Rc1+ Kb8 28.Rc2 Rdh8 29.Rd2 g4
30.Qe3 g3 31.Nxg3 hxg3 32.Qxg3 Nc4 33.Qg5 Nxd2 34.Rxd2 Qf7 35.Rd1 Bxh2  0-1